Sociological study of four major dysfunctions in Delhi schools (Record no. 20409)

MARC details
000 -LEADER
fixed length control field 00527nam a2200181Ia 4500
082 ## - DEWEY DECIMAL CLASSIFICATION NUMBER
Classification number TV.0105
100 ## - MAIN ENTRY--AUTHOR NAME
Personal name Verma, Om Prakash
245 #0 - TITLE STATEMENT
Title Sociological study of four major dysfunctions in Delhi schools
260 ## - PUBLICATION, DISTRIBUTION, ETC. (IMPRINT)
Year of publication 1980
Name of publisher Jamia Milia Islamia
300 ## - PHYSICAL DESCRIPTION
Number of Pages 570p.
650 ## - SUBJECT ADDED ENTRY--TOPICAL TERM
Topical Term SCHOOLS - DELHI
650 ## - SUBJECT ADDED ENTRY--TOPICAL TERM
Topical Term SCHOOL MANAGEMENT AND ORGANIZATION - DELHI
650 ## - SUBJECT ADDED ENTRY--TOPICAL TERM
Topical Term EDUCATION, SECONDARY - DELHI
650 ## - SUBJECT ADDED ENTRY--TOPICAL TERM
Topical Term SCHOOL ENVIRONMENT - DELHI
650 ## - SUBJECT ADDED ENTRY--TOPICAL TERM
Topical Term EDUCATIONAL SOCIOLOGY
710 ## - ADDED ENTRY--CORPORATE NAME
Corporate name or jurisdiction name as entry element Ruhela, S.P.
942 ## - ADDED ENTRY ELEMENTS (KOHA)
Koha item type Thesis
Source of classification or shelving scheme Dewey Decimal Classification
Holdings
Withdrawn status Lost status Damaged status Not for loan Home library Current library Date acquired Bill Date Full call number Accession Number Price effective from Koha item type
        NASSDOC Library NASSDOC Library 08/10/2004 2004-10-22 TV.0105 15906 18/04/2019 Thesis